Amy Adams - Roles by Picture - Statistics

General Stats
  • This quiz has been taken 7 times
  • The average score is 17 of 52
Answer Stats
Picture Answer % Correct
Amelia Earhart
86%
Giselle
86%
Julie Powell
71%
Lois Lane
71%
Katy
43%
Louise Banks
43%
Lynne Cheney
43%
Mary
43%
Susan
43%
Sydney Prosser
43%
Abby March
29%
Alexis
29%
Alice Doherty
29%
Amy
29%
Anna Brady
29%
Anna Fox
29%
Ashley Johnsten
29%
Beverly 'Bev' Vance
29%
Bonnie Bach
29%
Brenda Strong
29%
Camille Preaker
29%
Charlene Fleming
29%
Charlotte Brown
29%
Chloe
29%
Cousin Beth
29%
Cynthia Murphy
29%
Delysia Lafosse
29%
Dinah
29%
Elise
29%
Emily
29%
Gorgeous Woman
29%
Jane / Joan Vollmer
29%
Kat Peterson
29%
Leslie Miller
29%
Maggie Murphy
29%
Margaret Keane
29%
Marvel Ann
29%
Merilynn / Sunshine
29%
Mickey Lobel
29%
Peggy Dodd
29%
Rose Lorkowski
29%
Sister James
29%
Susan Morrow
29%
Sweet Polly Purebred
29%
Alex
14%
Amy Ellis
14%
Cathy
14%
Doreen
14%
Jodi Melville
14%
Kate
14%
Kathryn Merteuil
14%
Misty
14%
No matching quizzes found
Score Distribution
Percent of People with Each Score
Percentile by Number Answered
Your Score History
You have not taken this quiz